Visualizzazione normale
Vista MARC
- Tessera Giuseppe
di Personal Name
Records bibliografici associati: 1
001 - CONTROL NUMBER
- control field: 63201
003 - CONTROL NUMBER IDENTIFIER
- control field:
005 - DATE AND TIME OF LATEST TRANSACTION
- control field: 20260123160824.0
008 - FIXED-LENGTH DATA ELEMENTS
- fixed length control field: 260123|| aca||aabn | a|a d
040 ## - CATALOGING SOURCE
- Original cataloging agency:
- Transcribing agency:
100 ## - HEADING--PERSONAL NAME
- Personal name: Tessera Giuseppe
670 ## - SOURCE DATA FOUND
- Source citation: Work cat.: ()220515: Tessera Giuseppe, Vivere in coppia: una sfida difficile, 2008